Sports Quiz

Random Sports or Baseball Quiz

Opening Day Lineups: Tigers Quiz Stats

 Plays Quiz Updated Apr 3, 2019

Score 0/289 Timer 19:00
5 Plays Today
Year Player % Correct
2011Miguel Cabrera
93.6%
2012Miguel Cabrera
93.6%
2013Miguel Cabrera
93.5%
2014Miguel Cabrera
93.2%
2015Miguel Cabrera
92.6%
2008Miguel Cabrera
92.5%
2009Miguel Cabrera
92.5%
2008Justin Verlander
91.8%
2009Justin Verlander
91.8%
2011Justin Verlander
91.7%
2012Justin Verlander
91.7%
2019Miguel Cabrera
91.6%
2016Miguel Cabrera
91.6%
2013Justin Verlander
91.6%
2010Miguel Cabrera
91.5%
2014Justin Verlander
91.1%
2010Justin Verlander
90.7%
2017Miguel Cabrera
89.5%
2012Prince Fielder
88.7%
2013Prince Fielder
88.2%
2016Justin Verlander
88.2%
2018Miguel Cabrera
86.5%
2014Victor Martinez
86.5%
2013Victor Martinez
86.1%
2015Victor Martinez
86%
2015J.D. Martinez
86%
2011Victor Martinez
85.2%
2017Justin Verlander
84.5%
2016J.D. Martinez
84.4%
2017Victor Martinez
81.8%
2007Magglio Ordonez
81.3%
2008Magglio Ordonez
81.3%
2005Magglio Ordonez
81.3%
2006Magglio Ordonez
81.3%
2009Magglio Ordonez
81.3%
1991Cecil Fielder
81%
1992Cecil Fielder
81%
1993Cecil Fielder
81%
1994Cecil Fielder
81%
1995Cecil Fielder
81%
1996Cecil Fielder
81%
2011Austin Jackson
80.8%
2012Austin Jackson
80.8%
2013Austin Jackson
80.5%
2010Magglio Ordonez
80.2%
2007Ivan Rodriguez
79.3%
2008Ivan Rodriguez
79.3%
2004Ivan Rodriguez
79.3%
2005Ivan Rodriguez
79.3%
2006Ivan Rodriguez
79.3%
2014Austin Jackson
79.3%
2015Ian Kinsler
78.6%
2014Ian Kinsler
78.3%
2018Leonys Martin
78.3%
2010Austin Jackson
78.3%
2018Victor Martinez
77.9%
2016Ian Kinsler
77.3%
2009Curtis Granderson
76.6%
2007Curtis Granderson
76.6%
2007Brandon Inge
76.6%
2008Brandon Inge
76.6%
2009Brandon Inge
76.6%
2006Curtis Granderson
76.6%
2005Brandon Inge
76.6%
2006Brandon Inge
76.6%
2001Brandon Inge
76.6%
2003Brandon Inge
76.6%
2010Brandon Inge
75.6%
2011Magglio Ordonez
75.5%
2017Ian Kinsler
74.1%
2013Alex Avila
72.4%
2011Alex Avila
72.2%
2012Alex Avila
72.2%
2014Alex Avila
71.8%
2019Nick Castellanos
70%
2015Alex Avila
69.9%
1991Alan Trammell
69.6%
1992Alan Trammell
69.6%
1994Alan Trammell
69.6%
1996Alan Trammell
69.6%
2011Brandon Inge
69.6%
1997Bubba Trammell
69%
2017JaCoby Jones
67%
2013Torii Hunter
66.1%
2007Placido Polanco
65.9%
2008Placido Polanco
65.9%
2009Placido Polanco
65.9%
2006Placido Polanco
65.9%
2015Nick Castellanos
64.9%
2014Torii Hunter
64.8%
2016Nick Castellanos
64.8%
2017Nick Castellanos
64.5%
2015Jose Iglesias
64.3%
2012Delmon Young
64.2%
2016Jose Iglesias
63.5%
2007Carlos Guillen
63%
2008Carlos Guillen
63%
Year Player % Correct
2009Carlos Guillen
63%
2004Carlos Guillen
63%
2005Carlos Guillen
63%
2006Carlos Guillen
63%
2014Nick Castellanos
62.8%
2018Nick Castellanos
62.7%
2014Rajai Davis
62.6%
2017Jose Iglesias
62.5%
1991Lou Whitaker
62.2%
1992Lou Whitaker
62.2%
1993Lou Whitaker
62.2%
1994Lou Whitaker
62.2%
2010Carlos Guillen
62.1%
2014Alex Gonzalez
61.7%
2015Rajai Davis
61.6%
2007Jeremy Bonderman
59.5%
2005Jeremy Bonderman
59.5%
2017James McCann
59.2%
2016James McCann
58.8%
2006Kenny Rogers
58.5%
2018Jose Iglesias
58.4%
2008Jacque Jones
57.7%
2011Jhonny Peralta
57.5%
2012Jhonny Peralta
57.5%
2016Justin Upton
57%
2015David Price
56.9%
2013Jhonny Peralta
56.9%
2004Dmitri Young
56.8%
2005Dmitri Young
56.8%
2006Dmitri Young
56.8%
2002Dmitri Young
56.8%
2003Dmitri Young
56.8%
2018James McCann
56.4%
2000Juan Gonzalez
56.4%
1998Luis Gonzalez
56.2%
2004Jason Johnson
55.8%
1997Brian Johnson
55.8%
2004Bobby Higginson
55.7%
1996Bobby Higginson
55.6%
1997Bobby Higginson
55.6%
1998Bobby Higginson
55.6%
2002Bobby Higginson
55.6%
1999Bobby Higginson
55.6%
2000Bobby Higginson
55.6%
2001Bobby Higginson
55.7%
2003Bobby Higginson
55.7%
2017Justin Upton
54.7%
2013Omar Infante
51%
2007Gary Sheffield
49.9%
2008Gary Sheffield
49.9%
2019Jordan Zimmermann
48.4%
1991Travis Fryman
48%
1992Travis Fryman
48%
1993Travis Fryman
48%
1994Travis Fryman
48%
1995Travis Fryman
48%
1996Travis Fryman
48%
1997Travis Fryman
48%
1997Tony Clark
46.8%
1998Tony Clark
46.8%
1999Tony Clark
46.8%
2000Tony Clark
46.8%
2001Tony Clark
46.8%
2019Josh Harrison
46.8%
2019Jeimer Candelario
45.4%
1997Brian Hunter
44.9%
1998Brian Hunter
44.9%
1999Brian Hunter
44.9%
1994Eric Davis
44.5%
2012Ramon Santiago
44.4%
1991Mickey Tettleton
44.2%
1992Mickey Tettleton
44.2%
1993Mickey Tettleton
44.2%
1994Mickey Tettleton
44.2%
2010Johnny Damon
44%
2009Gerald Laird
44%
2010Gerald Laird
43.2%
2018Jordan Zimmermann
42.3%
2007Sean Casey
41.9%
2008Edgar Renteria
41.8%
1993Kirk Gibson
41.8%
1994Kirk Gibson
41.8%
2003Ramon Santiago
41.3%
2004Carlos Pena
41.2%
2005Carlos Pena
41.3%
2003Carlos Pena
41.2%
2004Rondell White
40.9%
2005Rondell White
40.9%
1999Dean Palmer
40.8%
2000Dean Palmer
40.8%
2003Dean Palmer
40.8%
2007Craig Monroe
40.3%
2005Craig Monroe
40.3%
2006Craig Monroe
40.3%
2015Yoenis Cespedes
39.8%
2018Jeimer Candelario
39.7%
2003Mike Maroth
39.6%
Year Player % Correct
2005Omar Infante
39.1%
2003Omar Infante
39.1%
2009Adam Everett
38.6%
2012Brennan Boesch
38.4%
1997Damion Easley
38.2%
1998Damion Easley
38.2%
1999Damion Easley
38.2%
2000Damion Easley
38.2%
2001Damion Easley
38.2%
2002Damion Easley
38.2%
2010Adam Everett
37.9%
1991Tony Phillips
37.2%
1993Tony Phillips
37.2%
1994Tony Phillips
37.2%
1992Tony Phillips
37.2%
2019Mikie Mahtook
37%
2016Anthony Gose
36.9%
2009Josh Anderson
36.8%
2004Alex Sanchez
36.7%
2019Niko Goodrum
36.7%
1996Eddie Williams
36.6%
2017Mikie Mahtook
36.5%
2019Jordy Mercer
36.5%
2013Andy Dirks
36.3%
2011Ryan Raburn
35.4%
2012Ryan Raburn
35.4%
1999Brad Ausmus
35.3%
2000Brad Ausmus
35.3%
2019Christin Stewart
35.2%
2018Mikie Mahtook
34.9%
1997Deivi Cruz
34%
1999Deivi Cruz
34%
2000Deivi Cruz
34%
2001Deivi Cruz
34%
2002Jacob Cruz
33.8%
1991Rob Deer
33%
1992Rob Deer
33%
1993Rob Deer
33%
2010Scott Sizemore
32.3%
2006Chris Shelton
31.4%
1998Justin Thompson
31.1%
1998Bip Roberts
30.4%
2001Jeff Weaver
28.9%
2002Jeff Weaver
28.9%
2019Grayson Greiner
28.8%
2018Dixon Machado
26.8%
2002Robert Fick
26.5%
1995Chris Gomez
26%
1999Juan Encarnacion
26%
2000Juan Encarnacion
26%
2001Juan Encarnacion
26%
2004Fernando Vina
25.4%
1991Frank Tanana
25%
1993Mike Moore
24.6%
1994Mike Moore
24.6%
1995Mike Moore
24.6%
2011Will Rhymes
23.9%
1991Milt Cuyler
23%
1992Milt Cuyler
23%
1993Milt Cuyler
23%
1995Chad Curtis
23%
1996Chad Curtis
23%
1992Bill Gullickson
22.5%
2004Eric Munson
21.2%
2003Eric Munson
21.2%
1996Mark Lewis
20.6%
2001Roger Cedeno
20.4%
2000Luis Polonia
20.2%
1992Dan Gladden
19.9%
1999Brian Moehler
19.5%
2001Shane Halter
18.9%
2002Shane Halter
18.9%
2000Hideo Nomo
18.4%
1991Lloyd Moseby
17.7%
1998Joe Randa
17.5%
1999Gregg Jefferies
17.2%
1995John Flaherty
16.1%
1996John Flaherty
16.1%
1996Felipe Lira
15.7%
1995Danny Bautista
15.3%
1998Billy Ripken
15.3%
1998Joe Oliver
14.8%
1996Melvin Nieves
14.5%
1997Melvin Nieves
14.5%
2003Gene Kingsale
14.4%
2002Craig Paquette
14.3%
2002Mike Rivera
14.2%
1997Doug Brocail
14.1%
1993Scott Livingstone
14%
1995Juan Samuel
13.9%
1995Scott Fletcher
13.5%
2002Jose Macias
12.9%
1994Junior Felix
12.8%
1995Rudy Pemberton
12%
2001Billy McMillon
10.5%

You're not logged in!

Compare scores with friends on all Sporcle quizzes.
OR
Log In

Sporcle TV

Today on Sporcle TV


Watch our educational content, quiz creation guides, and fun videos on Sporcle TV.

Show Comments

Extras

Top Quizzes Today


Score Distribution

Your Account Isn't Verified!

In order to create a playlist on Sporcle, you need to verify the email address you used during registration. Go to your Sporcle Settings to finish the process.

Report this User

Report this user for behavior that violates our Community Guidelines.

Details: